<?xml version="1.0" encoding="UTF-8"?>
<record
    xmlns:xsi="http://www.w3.org/2001/XMLSchema-instance"
    xsi:schemaLocation="http://www.loc.gov/MARC21/slim http://www.loc.gov/standards/marcxml/schema/MARC21slim.xsd"
    xmlns="http://www.loc.gov/MARC21/slim">

  <leader>01136naa a2200229 ar4500</leader>
  <controlfield tag="001">4982</controlfield>
  <controlfield tag="005">20221127091053.0</controlfield>
  <controlfield tag="008">190625s        su   a        001 0|ara d</controlfield>
  <datafield tag="020" ind1=" " ind2=" ">
    <subfield code="a">)9786035077248&#x63A;&#x644;&#x627;&#x641; &#x648;&#x631;&#x642;&#x64A;)</subfield>
  </datafield>
  <datafield tag="082" ind1="0" ind2="0">
    <subfield code="a">658.403</subfield>
    <subfield code="b">&#x645;543</subfield>
  </datafield>
  <datafield tag="245" ind1="0" ind2="0">
    <subfield code="a">&#x645;&#x635;&#x627;&#x626;&#x62F; &#x635;&#x646;&#x639; &#x627;&#x644;&#x642;&#x631;&#x627;&#x631; :</subfield>
    <subfield code="b">&#x627;&#x644;&#x639;&#x642;&#x628;&#x627;&#x62A; &#x627;&#x644;&#x639;&#x634;&#x631; &#x627;&#x645;&#x627;&#x645; &#x635;&#x646;&#x639; &#x627;&#x644;&#x642;&#x631;&#x627;&#x631; &#x627;&#x644;&#x631;&#x627;&#x626;&#x639; &#x648;&#x643;&#x64A;&#x641;&#x64A;&#x629; &#x627;&#x644;&#x62A;&#x63A;&#x644;&#x628; &#x639;&#x644;&#x64A;&#x647;&#x627; /</subfield>
    <subfield code="c">&#x62A;&#x62D;&#x631;&#x64A;&#x631; J. Edward Russo, Paul J. Schoemaker &#x61B; &#x62A;&#x631;&#x62C;&#x645;&#x629; &#x645;&#x62D;&#x645;&#x62F; &#x627;&#x644;&#x634;&#x647;&#x631;&#x64A;.</subfield>
  </datafield>
  <datafield tag="260" ind1=" " ind2=" ">
    <subfield code="a">&#x627;&#x644;&#x631;&#x64A;&#x627;&#x636; :</subfield>
    <subfield code="b">&#x62F;&#x627;&#x631; &#x62C;&#x627;&#x645;&#x639;&#x629; &#x627;&#x644;&#x645;&#x644;&#x643; &#x633;&#x639;&#x648;&#x62F; &#x644;&#x644;&#x646;&#x634;&#x631;&#x60C;</subfield>
    <subfield code="c">2019.</subfield>
  </datafield>
  <datafield tag="300" ind1=" " ind2=" ">
    <subfield code="a">&#x627;- &#x62A;&#x60C; 260 &#x635;.</subfield>
    <subfield code="b">&#x627;&#x64A;&#x636;&#x627;&#x62D;&#x64A;&#x627;&#x62A; &#x61B;</subfield>
    <subfield code="c">24 &#x633;&#x645;.</subfield>
  </datafield>
  <datafield tag="500" ind1=" " ind2=" ">
    <subfield code="a">&#x62A;&#x631;&#x62C;&#x645;&#x629; &#x644;&#x643;&#x62A;&#x627;&#x628;:Decision traps : the ten barriers .... / J.Russo, Paul Schoemaker. 1990.</subfield>
  </datafield>
  <datafield tag="504" ind1=" " ind2=" ">
    <subfield code="a">&#x64A;&#x62A;&#x636;&#x645;&#x646; &#x627;&#x631;&#x62C;&#x627;&#x639;&#x627;&#x62A; &#x628;&#x628;&#x644;&#x64A;&#x648;&#x62C;&#x631;&#x627;&#x641;&#x64A;&#x629; &#x648;&#x643;&#x634;&#x627;&#x641;.</subfield>
  </datafield>
  <datafield tag="650" ind1=" " ind2="4">
    <subfield code="a">&#x627;&#x62A;&#x62E;&#x627;&#x630; &#x627;&#x644;&#x642;&#x631;&#x627;&#x631;&#x627;&#x62A;.</subfield>
  </datafield>
  <datafield tag="650" ind1=" " ind2="4">
    <subfield code="a">&#x627;&#x644;&#x642;&#x64A;&#x627;&#x62F;&#x629; &#x627;&#x644;&#x627;&#x62F;&#x627;&#x631;&#x64A;&#x629;.</subfield>
  </datafield>
  <datafield tag="650" ind1=" " ind2="4">
    <subfield code="a">&#x627;&#x62F;&#x627;&#x631;&#x629; &#x627;&#x644;&#x627;&#x639;&#x645;&#x627;&#x644;.</subfield>
  </datafield>
  <datafield tag="700" ind1="0" ind2=" ">
    <subfield code="a">&#x631;&#x648;&#x633;&#x648;&#x60C; &#x62C;. &#x627;&#x62F;&#x648;&#x627;&#x631;&#x62F;&#x60C;</subfield>
    <subfield code="e">&#x645;&#x62D;&#x631;&#x631;.</subfield>
  </datafield>
  <datafield tag="700" ind1="0" ind2=" ">
    <subfield code="a">&#x634;&#x648;&#x645;&#x627;&#x64A;&#x643;&#x631;&#x60C; &#x628;&#x648;&#x644; &#x62C;.&#x60C;</subfield>
    <subfield code="e">&#x645;&#x62D;&#x631;&#x631;.</subfield>
  </datafield>
  <datafield tag="700" ind1="0" ind2=" ">
    <subfield code="a">&#x627;&#x644;&#x634;&#x647;&#x631;&#x64A;&#x60C; &#x645;&#x62D;&#x645;&#x62F; &#x628;&#x646; &#x64A;&#x62D;&#x64A;&#x649;&#x60C;</subfield>
    <subfield code="e">&#x645;&#x62A;&#x631;&#x62C;&#x645;.</subfield>
  </datafield>
  <datafield tag="999" ind1=" " ind2=" ">
    <subfield code="c">4980</subfield>
    <subfield code="d">4980</subfield>
  </datafield>
  <datafield tag="952" ind1=" " ind2=" ">
    <subfield code="0">0</subfield>
    <subfield code="1">0</subfield>
    <subfield code="2">DDC</subfield>
    <subfield code="4">0</subfield>
    <subfield code="7">0</subfield>
    <subfield code="a">CENTRAL</subfield>
    <subfield code="b">CENTRAL</subfield>
    <subfield code="d">2022-11-27</subfield>
    <subfield code="l">0</subfield>
    <subfield code="o">658.403 &#x643;543</subfield>
    <subfield code="p">1000000014973</subfield>
    <subfield code="r">2022-11-27 00:00:00</subfield>
    <subfield code="t">C1</subfield>
    <subfield code="w">2022-11-27</subfield>
    <subfield code="y">BK</subfield>
  </datafield>
</record>
